00889nam a22002057a 4500999001700000003000900017008004100026040007100067082001800138100001800156245005700174260005000231300002800281505017800309650003000487650003200517942001600549945002000565952009800585 c16965d16965AR-CdUCM190506b ||||| |||| 00| 0 sap d aMUNICIPALIDAD PROVINCIAL DEL CUSCOcBIBLIOTECA MUNICIPAL DEL CUSCO a331.09 /bA34 aAlba, Victor. aHistoria del movimiento obrero en América Latina / aMéxico :bLibreros mexicanos unidos,c1964. a598 páginas ;c23 cm. aContenido :Los antecedentes -- Los movimientos políticos obreros -- El movimiento comunista -- El movimiento socialista -- Las organizaciones sindicales continentales ... aHistoria del Cusco.91714 aMaravilla del mundo.924561 2ddccLIBROS arumd2019-05-06 002ddc4070aSHbSHcCARTd2019-05-06g80.00o331.09 / A34pSH0000011951r2019-05-06yLIBROS